000 00582nam a2200205Ia 4500
005 20250508163907.0
008 008 250505s9999 xx 000 0 eng d
020 _a0-415-22409-8
037 _aReference
040 _aFEDL
_beng
_cFEDL
041 _aeng
_2eng
084 _a370.92, PALRR
_qFEDL
100 _aPalmer Joy A. Ed.
245 0 _aFifty modern thinkers on education: From Piget to the present
260 _aLondon, UK
_bRoutledge
_c2001
300 _axv,290p.
365 _aGBP
_b12.99
942 _cREF
_h370.92, PALRR
999 _c1385831
_d1385831